Medical rehabilitation / (Record no. 4866)
[ view plain ]
| 000 -LEADER | |
|---|---|
| fixed length control field | 00632cam a2200205 a 4500 |
| 001 - CONTROL NUMBER | |
| control field | 4276762 |
| 005 - DATE AND TIME OF LATEST TRANSACTION | |
| control field | 20250315112841.0 |
| 008 - FIXED-LENGTH DATA ELEMENTS--GENERAL INFORMATION | |
| fixed length control field | 850315s1985 nyua b 001 0 eng c |
| 020 ## - INTERNATIONAL STANDARD BOOK NUMBER | |
| International Standard Book Number | 0881670855 |
| 050 10 - LIBRARY OF CONGRESS CALL NUMBER | |
| Classification number | RM930 |
| Item number | .M43 1985 |
| 082 00 - DEWEY DECIMAL CLASSIFICATION NUMBER | |
| Classification number | 617 |
| Edition information | 19 |
| 245 00 - TITLE STATEMENT | |
| Title | Medical rehabilitation / |
| Statement of responsibility, etc. | editors, Lauro S. Halstead, Martin Grabois ; consulting editor, Carol A. Howland. |
| 260 ## - PUBLICATION, DISTRIBUTION, ETC. | |
| Place of publication, distribution, etc. | New York : |
| Name of publisher, distributor, etc. | Raven Press, |
| Date of publication, distribution, etc. | c1985. |
| 300 ## - PHYSICAL DESCRIPTION | |
| Extent | xi, 354 p. : |
| Other physical details | ill. ; |
| Dimensions | 26 cm. |
| 650 #0 - SUBJECT ADDED ENTRY--TOPICAL TERM | |
| Topical term or geographic name entry element | Medical rehabilitation. |
| 650 #2 - SUBJECT ADDED ENTRY--TOPICAL TERM | |
| Topical term or geographic name entry element | Rehabilitation. |
| 700 1# - ADDED ENTRY--PERSONAL NAME | |
| Personal name | Halstead, Lauro S., |
| Dates associated with a name | 1936- |
| 700 1# - ADDED ENTRY--PERSONAL NAME | |
| Personal name | Grabois, Martin. |
| 942 ## - ADDED ENTRY ELEMENTS (KOHA) | |
| Source of classification or shelving scheme | Library of Congress Classification |
| Koha item type | Books |
| Suppress in OPAC | No |
| 999 ## - | |
| -- | 4866 |
| -- | 4866 |
| Withdrawn status | Lost status | Source of classification or shelving scheme | Damaged status | Not for loan | Collection | Home library | Current library | Shelving location | Date acquired | Total checkouts | Full call number | Barcode | Date last seen | Copy number | Price effective from | Koha item type |
|---|---|---|---|---|---|---|---|---|---|---|---|---|---|---|---|---|
| Library of Congress Classification | Non-fiction | Science Library (Miotso) | Science Library (Miotso) | General stacks | 03/15/2025 | RM930 .M43 MED | SLM00004334 | 03/15/2025 | 1 | 03/15/2025 | Books | |||||
| Library of Congress Classification | Non-fiction | Science Library (Miotso) | Science Library (Miotso) | General stacks | 03/15/2025 | RM930 .M43 MED | SLM00004335 | 03/15/2025 | 2 | 03/15/2025 | Books | |||||
| Library of Congress Classification | Non-fiction | Science Library (Miotso) | Science Library (Miotso) | General stacks | 03/15/2025 | RM930 .M43 MED | SLM00004336 | 03/15/2025 | 3 | 03/15/2025 | Books | |||||
| Library of Congress Classification | Non-fiction | Science Library (Miotso) | Science Library (Miotso) | General stacks | 03/15/2025 | RM930 .M43 MED | SLM00004337 | 03/15/2025 | 4 | 03/15/2025 | Books | |||||
| Library of Congress Classification | Non-fiction | Science Library (Miotso) | Science Library (Miotso) | General stacks | 03/15/2025 | RM930 .M43 MED | SLM00004338 | 03/15/2025 | 5 | 03/15/2025 | Books | |||||
| Library of Congress Classification | Non-fiction | Science Library (Miotso) | Science Library (Miotso) | General stacks | 03/15/2025 | RM930 .M43 MED | SLM00004339 | 03/15/2025 | 6 | 03/15/2025 | Books | |||||
| Library of Congress Classification | Non-fiction | Science Library (Miotso) | Science Library (Miotso) | General stacks | 03/15/2025 | RM930 .M43 MED | SLM00004340 | 03/15/2025 | 7 | 03/15/2025 | Books |